| 000 | 00899nam a2200265 i 4500 | ||
|---|---|---|---|
| 001 | 19221 | ||
| 003 | ES-MaACL | ||
| 005 | 20260213163044.0 | ||
| 007 | t| | ||
| 008 | 020703s19981999sp a |||| | spa j | ||
| 080 | _a929 Azorín | ||
| 080 | _a929 Miró, Gabriel | ||
| 080 | _a821.134.2 Azorín 1.06 | ||
| 080 | _a821.134.2 Miró, Gabriel 1.06 | ||
| 100 | 1 |
_aCapilla Beltrán, José. _934846 |
|
| 245 | 1 | 0 |
_aEscritos de José Capilla sobre Azorín y Miró / _cJosé Capilla Beltrán ; introducción, selección y notas por Julio Capilla. |
| 260 |
_a[Alicante] : _bCaja de Ahorros del Mediterráneo, _c1998 [i.e. 1999] |
||
| 300 |
_a184 p. : _bil. ; _c23 cm. |
||
| 600 | 0 | 4 |
_aAzorín, _d1873-1967 _924326 |
| 600 | 1 | 4 |
_aMiró, Gabriel. _981602 |
| 700 | 1 |
_aCapilla, Julio. _934845 |
|
| 710 | 0 |
_aCaja de Ahorros del Mediterráneo _92294 |
|
| 852 |
_aES-MaACL _jL-25655 |
||
| 999 |
_c19221 _d19221 |
||